00388 2200157 4500001002100000005001500021035002000036245005000056100001000106300002600116260003600142082000800178084001400186020001800200990001200218INLIS00000000000332820251222092445 a0010-12250001491 aDari Ave Maria Ke Jalan Lain Ke Roma /cIdrus0 aIdrus a176 hlm ;c15 x 21 cm aJakarta :bBalai Pustaka,c2014 a813 a813 IDR d a979-407-218-4 a0754489